000 00735 a2200253 4500
005 20260218122636.0
008 260218b |||||||| |||| 00| 0 eng d
020 _a9789393547897
_cRs. 1895.00
040 _aMAIN
082 _a300.72
_bJ41R
100 _aJena, Sudhir Kumar
245 _aResearch methodology principles, applications and future directions
260 _bGoodwill Publications
_c2026
_aDelhi
300 _ax, 276
650 _aResearch
650 _aInterdisciplinary Research
650 _aQualitative Research
650 _aQuantitative Research
700 _aSahoo, Jayadeba
700 _aAcharya, Prasanta Kumar
700 _aNayak, Sushant Kumar
700 _aBarik, Prasanta Kumar
942 _cBK
999 _c396802
_d396802